00773nam a2200193 a 450000100100000000500170001000800410002704000250006808200160009310000260010924500540013524600340018926000760022330000200029904900090031995201140032895201200044299900170056200001738520200929165111.0100324s19uu dr 001 0 spa d aDO-SdBNPbspacBNPHU axxxxbR175m1 aRamos, César91334110a1,000 refranes :bcharla-cuento /cCésar Ramos.13amil refranes :bcharla-cuento aSanto Domingo :bFundación García RavelobAmigo del Hogar,c[199?]. a41 p. ;c24 cm. aBNPD 0010718PDaPDbPDcCTd2010-03-24iLF1l0oxxxx R175mp17385-10r2020-06-25w2020-06-25yLFPDZNo se presta 0010718PDaPDbPDcCTd2010-03-24iLF1l0oxxxx R175mp17385-20r2020-06-25te. 2w2020-06-25yLFPDZNo se presta c16910d16910